মডার্ণ মে্ডিসিন / (Record no. 77708)
[ view plain ]
| 000 -LEADER | |
|---|---|
| fixed length control field | 00733nam a22002297a 4500 |
| 001 - CONTROL NUMBER | |
| control field | 77708 |
| 003 - CONTROL NUMBER IDENTIFIER | |
| rucl marc code | BD-RjUL |
| 005 - DATE AND TIME OF LATEST TRANSACTION | |
| control field | 20211209083020.0 |
| 008 - FIXED-LENGTH DATA ELEMENTS--GENERAL INFORMATION | |
| fixed length control field | 201229s1964 bg ||||| |||| 00| 0 ben d |
| 035 ## - SYSTEM CONTROL NUMBER | |
| System control number | (BD-RjUL) |
| 040 ## - CATALOGING SOURCE | |
| Original cataloging agency | BD-RjUL |
| Language of cataloging | eng |
| Transcribing agency | BD-RjUL |
| Modifying agency | BD-RjUL |
| 041 ## - LANGUAGE CODE | |
| Language code of text/sound track or separate title | ben |
| 082 ## - DEWEY DECIMAL CLASSIFICATION NUMBER | |
| Edition number | 23 |
| Classification number | 616 |
| Author mark and year | BAM 1964 |
| 100 ## - MAIN ENTRY--PERSONAL NAME | |
| Personal name | বাসেত, আবদুল |
| 9 (RLIN) | 122818 |
| 245 ## - TITLE STATEMENT | |
| Title | মডার্ণ মে্ডিসিন / |
| Statement of responsibility, etc. | আবদুল বাসেত |
| 250 ## - EDITION STATEMENT | |
| Edition statement | ২য় সং |
| 260 ## - PUBLICATION, DISTRIBUTION, ETC. (IMPRINT) | |
| Place of publication, distribution, etc. | বরিশালঃ |
| Name of publisher, distributor, etc. | ফোরকান পাব, |
| Date of publication, distribution, etc. | ১৯৬৪ |
| 300 ## - PHYSICAL DESCRIPTION | |
| Pagination | [১২] , ৬২৪ পৃ. ; |
| Size | ২২ সেমি |
| 650 ## - SUBJECT ADDED ENTRY--TOPICAL TERM | |
| Topical term or geographic name as entry element | ওষুধ |
| 9 (RLIN) | 243077 |
| Topical term or geographic name as entry element | Medicine |
| 9 (RLIN) | 243078 |
| 942 ## - ADDED ENTRY ELEMENTS (KOHA) | |
| Source of classification or shelving scheme | Dewey Decimal Classification |
| Koha item type | Books |
| Lost status | Source of classification or shelving scheme | Damaged status | Not for loan | Collection code | Permanent Location | Current Location | Shelving location | Date acquired | Source of acquisition | Cost, normal purchase price | Total Checkouts | Full call number | Date last seen | Copy number | Koha item type |
|---|---|---|---|---|---|---|---|---|---|---|---|---|---|---|---|
| Dewey Decimal Classification | Not For Loan | Non-fiction | Central Library, University of Rajshahi | Central Library, University of Rajshahi | Reading Room | 17/07/1964 | Nawraj ketabstan , Dhaka | 20.00 | B 616 BAM 1964 V-1 | 29/12/2020 | C-1 | Books |